000
00324nam a22001337a 4500
008
180309b xxu||||| |||| 00| 0 eng d
020
_a
9780517884492
041
_a
eng
080
_a
316
100
_a
50
101
_a
SOC
245
_a
Courtship, Love and Marriage on the American Frontier
_c
Luchetti, C
942
_2
udc
_c
BK
999
_c
44521
_d
44521